000 00437nam a2200169Ia 4500
008 230917s9999||||xx |||||||||||||| ||und||
020 _cRS800
040 _e25144
_aMAIN
041 _aEnglish
082 _a301.045 C92M
100 _aCoser, Lewis A
245 0 _aMasters of sociological thought: Ideas in historical and social context
250 _a2nd ed.
260 _aJaipur
_bRawat
_c1996
300 _axxv, 611 p.
942 _cBK
999 _c90699
_d90699